00530 2200181 4500245002600000020002200026250001100048100001300059700002000072650001700092005001900109260003700128041001400165084000800179300002700187500012500214336000900339 aBlitzcRudiyanthText a978-979-19874-2-4 aCet. 1 aRudiyant aShaven Steven S aNovel Remaja a20231005114935 aJakartabSolusi Publishingc2009 aIndonesia a813 aiv, 284 hlm. :c19 cm. aPendakian ke puncak gunung yang belum terjamah ternyata bukan hanya sebuah ekpedisi yang menantang tapi juga mengerikan. atext